[Event "GER Seniors Derby 13th"]
[Site "Wesel Undeloh"]
[Date "2014.05.11"]
[Round "9"]
[White "Ripperger, Reinhold"]
[Black "Mohr, Harald"]
[Result "1-0"]
[WhiteElo "1864"]
[BlackElo "1774"]
[PlyCount "93"]
[EventDate "2014.05.07"]
[EventType "swiss"]
[EventRounds "9"]
[EventCountry "GER"]
[SourceTitle "EXT 2018"]
[Source "ChessBase"]
[SourceDate "2017.10.13"]
[SourceVersion "1"]
[SourceVersionDate "2017.10.13"]
[SourceQuality "1"]

1. e4 d6 2. d4 e5 3. Nf3 Nd7 4. Bc4 Be7 5. Nc3 Ngf6 6. Qe2 0-0 7. Bg5 c6 8. a4 Qa5 9. 0-0 exd4 10. Nb1 Ne5 11. Bd2 Nxf3+ 12. Qxf3 Qe5 13. Re1 Bg4 14. Qd3 c5 15. c3 Be6 16. Bxe6 fxe6 17. cxd4 cxd4 18. f4 Qh5 19. Qxd4 Qc5 20. Qxc5 dxc5 21. Na3 Rfd8 22. Bc3 Ne8 23. Nc4 Nd6 24. Na5 b6 25. Nc6 Re8 26. Rad1 Bf8 27. Rd3 Nf7 28. Rd7 a6 29. Red1 Rec8 30. Ne7+ Bxe7 31. Rxe7 Rd8 32. Rxd8+ Rxd8 33. Rxe6 Nd6 34. Kf2 Kf7 35. Re5 g6 36. Kf3 Nc4 37. Rd5 Rxd5 38. exd5 b5 39. axb5 axb5 40. Be5 Ke7 41. g4 Nd2+ 42. Ke2 Nc4 43. Kd3 Nb6 44. Ke4 Nd7 45. h4 c4 46. Kd4 b4 47. Kxc4 1-0

[Event "GER Seniors Derby 13th"]
[Site "Wesel Undeloh"]
[Date "2014.05.08"]
[Round "3"]
[White "V D Weth V Nordheim, Petra"]
[Black "Mohr, Harald"]
[Result "1/2-1/2"]
[WhiteElo "1815"]
[BlackElo "1774"]
[PlyCount "54"]
[EventDate "2014.05.07"]
[EventType "swiss"]
[EventRounds "9"]
[EventCountry "GER"]
[SourceTitle "EXT 2018"]
[Source "ChessBase"]
[SourceDate "2017.10.13"]
[SourceVersion "1"]
[SourceVersionDate "2017.10.13"]
[SourceQuality "1"]

1. d4 c5 2. d5 e6 3. c4 exd5 4. cxd5 d6 5. e4 a6 6. a4 g6 7. Nc3 Bg7 8. Bd3 Nf6 9. h3 0-0 10. Qc2 Nbd7 11. Nf3 Qe7 12. 0-0 Ne5 13. Nxe5 Qxe5 14. Be3 Re8 15. f4 Qe7 16. Rae1 c4 17. Bxc4 Nxe4 18. Bb6 Bxc3 19. bxc3 Bd7 20. Bd3 f5 21. c4 Rac8 22. a5 Qh4 23. Bxe4 fxe4 24. Rxe4 Bf5 25. Rxe8+ Rxe8 26. Qf2 Qxf2+ 27. Kxf2 Re4 1/2-1/2